Negociaciones de la deuda externa de Nicaragua /

Kaydedildi:
Detaylı Bibliyografya
Yazar: Alvarado, Carlos
Materyal Türü: Metin
Konular:
Etiketler: Etiketle
Etiket eklenmemiş, İlk siz ekleyin!

MARC

LEADER 00000 a a2200000 04500
001 14118
003
040
100 |a Alvarado, Carlos  
245 |a Negociaciones de la deuda externa de Nicaragua /  |c Carlos Alvarado 
650 |a NEGOCIACIONES INTERNACIONALES  
650 |a DEUDA  
650 |a ECONOMIA  
650 |a ASPECTOS ECONOMICOS  
650 |a GOBIERNO  
650 |a EMPRESAS  
650 |a PRIVATIZACION  
650 |a BANCOS  
773 |g número 36; páginas 95-112  
999 |c 29321  |d 29321